[Event "Online Olym Top DivC 2021"]
[Site "chess.com INT"]
[Date "2021.09.11"]
[Round "7.2"]
[Board "3"]
[White "Goryachkina, Aleksandra"]
[Black "Brunello, Marina"]
[Result "1-0"]
[WhiteTitle "GM"]
[BlackTitle "IM"]
[WhiteElo "2608"]
[BlackElo "2354"]
[WhiteTeam "Russia"]
[BlackTeam "Italy"]
[WhiteFideId "4147103"]
[BlackFideId "822590"]
[EventDate "2021.09.09"]
[EventType "team"]

1. d4 d5 2. c4 c6 3. Nf3 Nf6 4. Nc3 e6 5. e3 Nbd7 6. Qc2 Bd6 7. b3 O-O 8. Be2 b6
9. O-O Bb7 10. Bb2 Qe7 11. Rfe1 Rac8 12. e4 dxe4 13. Nxe4 Nxe4 14. Qxe4 f5 15.
Qc2 c5 16. Rad1 Be4 17. Qd2 Bb8 18. Ng5 Nf6 19. d5 exd5 20. cxd5 Qd6 21. g3 f4
22. Bxf6 fxg3 23. hxg3 Bg6 24. Bg4 gxf6 25. Bxc8 fxg5 26. Be6+ Kg7 27. Qxg5 Rf3
28. Bh3 Qf8 29. Qe7+ 1-0

[Event "Online Olym Top DivC 2021"]
[Site "chess.com INT"]
[Date "2021.09.11"]
[Round "7.2"]
[Board "4"]
[White "Sedina, Elena"]
[Black "Kosteniuk, Alexandra"]
[Result "1/2-1/2"]
[WhiteTitle "IM"]
[BlackTitle "GM"]
[WhiteElo "2259"]
[BlackElo "2526"]
[WhiteTeam "Italy"]
[BlackTeam "Russia"]
[WhiteFideId "812153"]
[BlackFideId "4128125"]
[EventDate "2021.09.09"]
[EventType "team"]

1. e4 e5 2. Nf3 Nc6 3. Bc4 Bc5 4. c3 Nf6 5. d4 exd4 6. e5 d5 7. Bb5 Ne4 8. cxd4
Bb6 9. Nc3 O-O 10. Be3 f5 11. exf6 Nxf6 12. Bxc6 bxc6 13. Ne5 Qd6 14. O-O c5 15.
Nb5 Qe7 16. Re1 cxd4 17. Bxd4 Bxd4 18. Nxd4 Qd6 19. Rc1 c5 20. Nb3 Re8 21. f4
Qb6 22. Nxc5 Bf5 23. Qb3 Rec8 24. Qxb6 axb6 25. Nb3 Rxa2 26. Nd4 Rxc1 27. Rxc1
Bd7 28. Rc7 Ra4 29. Nxd7 Rxd4 30. Nxf6+ gxf6 31. Rc6 Rxf4 32. Rxb6 Kf7 33. g3
Rc4 34. b4 d4 35. Kf2 h5 36. Kf3 f5 37. b5 Rb4 38. h4 Ke7 39. Ke2 Rb3 40. Kf2
Kd7 41. Rh6 Rxb5 42. Rxh5 d3 43. Rh7+ Ke6 44. Ke3 Rd5 45. Kd2 Kf6 46. Rh6+ Ke5
47. Rh8 Ke4 48. Re8+ Kf3 49. Rg8 Rd6 50. Rf8 Kg4 51. Rg8+ Kf3 52. Rf8 Ke4 53.
Re8+ Kf3 54. Rf8 1/2-1/2

[Event "Online Olym Top DivC 2021"]
[Site "chess.com INT"]
[Date "2021.09.11"]
[Round "7.2"]
[Board "5"]
[White "Esipenko, Andrey"]
[Black "Sonis, Francesco"]
[Result "1-0"]
[WhiteTitle "GM"]
[BlackTitle "IM"]
[WhiteElo "2720"]
[BlackElo "2523"]
[WhiteTeam "Russia"]
[BlackTeam "Italy"]
[WhiteFideId "24175439"]
[BlackFideId "895733"]
[EventDate "2021.09.09"]
[EventType "team"]

1. e4 c5 2. Nf3 d6 3. Bb5+ Nd7 4. d4 cxd4 5. Nxd4 Nf6 6. O-O a6 7. Bd3 g6 8. c4
Bg7 9. Nc3 O-O 10. Be3 Nc5 11. f3 Nxd3 12. Qxd3 Nd7 13. Rfd1 e6 14. Qd2 Qc7 15.
b3 Re8 16. Nde2 Bf8 17. Rac1 b6 18. Kh1 Bb7 19. Bh6 Be7 20. Qd4 f6 21. Be3 Rab8
22. Qd2 g5 23. Nd4 Bf8 24. Qf2 Ne5 25. Nde2 Bc6 26. Nd5 Bxd5 27. cxd5 Qd7 28.
dxe6 Qxe6 29. Rc7 Rec8 30. Nd4 Qe8 31. Rxc8 Rxc8 32. h3 b5 33. Nf5 Rc6 34. Bd4
Qc8 35. Bxe5 dxe5 36. Qd2 Qe6 37. Qd8 Kf7 38. Rd7+ Kg6 39. Qxf8 Qxd7 40. Qg8+
Kh5 41. g4# 1-0

[Event "Online Olym Top DivC 2021"]
[Site "chess.com INT"]
[Date "2021.09.11"]
[Round "7.2"]
[Board "6"]
[White "Grimaldi, Angela Flavia"]
[Black "Shuvalova, Polina"]
[Result "0-1"]
[WhiteTitle "WFM"]
[BlackTitle "IM"]
[WhiteElo "2078"]
[BlackElo "2510"]
[WhiteTeam "Italy"]
[BlackTeam "Russia"]
[WhiteFideId "2805214"]
[BlackFideId "24171760"]
[EventDate "2021.09.09"]
[EventType "team"]

1. e4 c6 2. d4 d5 3. exd5 cxd5 4. Bd3 Nc6 5. c3 Qc7 6. Ne2 Bg4 7. O-O e6 8. Qe1
Be7 9. f3 Bh5 10. Bf4 Qb6 11. Nd2 Nf6 12. a4 Bg6 13. Qb1 O-O 14. Bxg6 hxg6 15.
Qd3 Rac8 16. Qb5 Nd7 17. Qxb6 Nxb6 18. a5 Nd7 19. Rfe1 f6 20. Nc1 e5 21. dxe5
Ndxe5 22. Ndb3 a6 23. Kh1 Kf7 24. Bg3 Rfd8 25. f4 Nc4 26. Nd3 d4 27. Rad1 dxc3
28. bxc3 N6xa5 29. Nd4 Nc6 30. Bf2 Nxd4 31. Bxd4 Na3 32. Re2 Nb5 33. Rde1 Bf8
34. Rb2 Rd7 35. Reb1 Rcc7 36. Kg1 Nxc3 37. Bxc3 Rxc3 38. Ne1 b5 39. Ra2 Bc5+ 40.
Kf1 Rd6 41. Nf3 b4 42. Rba1 b3 43. Rxa6 Rxa6 44. Rxa6 Rxf3+ 45. gxf3 b2 0-1

[Event "Online Olym Top DivC 2021"]
[Site "chess.com INT"]
[Date "2021.09.11"]
[Round "7.3"]
[Board "1"]
[White "Shevchenko, Kirill"]
[Black "Perez Ponsa, Federico"]
[Result "1-0"]
[WhiteTitle "GM"]
[BlackTitle "GM"]
[WhiteElo "2633"]
[BlackElo "2554"]
[WhiteTeam "Ukraine"]
[BlackTeam "Argentina"]
[WhiteFideId "14129574"]
[BlackFideId "117927"]
[EventDate "2021.09.09"]
[EventType "team"]

1. e4 c5 2. Nc3 a6 3. g3 d6 4. Bg2 Nf6 5. Nge2 e6 6. O-O Be7 7. d3 Nc6 8. f4 Qc7
9. h3 Rb8 10. g4 b5 11. Ng3 h6 12. Nce2 Bb7 13. c3 Rc8 14. Be3 b4 15. d4 bxc3
16. bxc3 cxd4 17. cxd4 O-O 18. g5 hxg5 19. fxg5 Nh7 20. h4 Nb4 21. Rc1 Qa5 22.
Qb3 Qb5 23. a4 Qd3 24. Qxd3 Nxd3 25. Rb1 Bc6 26. Rb3 Ne5 27. dxe5 dxe5 28. Nc3
Rfd8 29. Rfb1 Nf8 30. h5 Nd7 31. Bf1 Nc5 32. Rb6 Be8 33. a5 Nd3 34. Nd5 exd5 35.
Bxd3 dxe4 36. Bxe4 Bb5 37. Nf5 Bf8 38. g6 Rc4 39. Bf3 Rc3 40. Rc1 Ra3 41. gxf7+
Kxf7 42. h6 gxh6 43. Rc7+ Kg8 44. Nxh6+ Bxh6 45. Rg6+ Kh8 46. Rxh6+ Kg8 47. Rg6+
Kh8 48. Rc2 Ra1+ 49. Bc1 Rd7 50. Kg2 Bd3 51. Rc8+ Kh7 52. Rg5 Rg7 53. Rxg7+ Kxg7
54. Rc5 Ra2+ 55. Kg3 Kf6 56. Bb7 Ra4 57. Be3 Ke6 58. Bxa6 Bxa6 59. Rc6+ Kf5 60.
Rxa6 Ke4 61. Bb6 Kd5 62. Bd8 Ra3+ 63. Kg4 e4 64. Ra7 e3 65. Kf3 Kc6 66. Re7 Kb5
67. Re5+ Ka6 68. Re6+ Kb5 69. Ke2 Rc3 70. Rb6+ Kc5 71. Rb8 Kd5 72. a6 Ra3 73.
Rb5+ Kc6 74. Ra5 1-0

[Event "Online Olym Top DivC 2021"]
[Site "chess.com INT"]
[Date "2021.09.11"]
[Round "7.3"]
[Board "2"]
[White "Peralta, Fernando"]
[Black "Onischuk, Vladimir"]
[Result "1/2-1/2"]
[WhiteTitle "GM"]
[BlackTitle "GM"]
[WhiteElo "2570"]
[BlackElo "2622"]
[WhiteTeam "Argentina"]
[BlackTeam "Ukraine"]
[WhiteFideId "105309"]
[BlackFideId "14114038"]
[EventDate "2021.09.09"]
[EventType "team"]

1. d4 d6 2. Nf3 g6 3. c4 Bg7 4. Nc3 e5 5. e4 exd4 6. Nxd4 Nc6 7. Be3 Nge7 8. Be2
O-O 9. O-O f5 10. Qd2 Bxd4 11. Bxd4 f4 12. c5 Be6 13. cxd6 Nxd4 14. Qxd4 Nc6 15.
Qd2 Qxd6 16. Qxd6 cxd6 17. Rfd1 Rfd8 18. Nb5 Rd7 19. Rxd6 Rxd6 20. Nxd6 Rd8 21.
Rd1 Bxa2 22. Nxb7 Rxd1+ 23. Bxd1 Kf7 24. Nc5 Kf6 25. Nd3 g5 26. Ba4 Nd4 27. f3
Bc4 28. Nc5 Ke5 29. b3 Bf7 30. Nd3+ 1/2-1/2

[Event "Online Olym Top DivC 2021"]
[Site "chess.com INT"]
[Date "2021.09.11"]
[Round "7.3"]
[Board "3"]
[White "Buksa, Nataliya"]
[Black "Lujan, Carolina"]
[Result "1-0"]
[WhiteTitle "IM"]
[BlackTitle "IM"]
[WhiteElo "2417"]
[BlackElo "2340"]
[WhiteTeam "Ukraine"]
[BlackTeam "Argentina"]
[WhiteFideId "14123622"]
[BlackFideId "109878"]
[EventDate "2021.09.09"]
[EventType "team"]

1. e4 c5 2. b3 d6 3. Bb2 Nc6 4. Nc3 Nf6 5. f4 e5 6. Bb5 exf4 7. Qf3 Bd7 8. Qxf4
Nd4 9. Bxd7+ Nxd7 10. O-O-O Ne5 11. Nce2 Qb6 12. Nxd4 cxd4 13. Nf3 Nxf3 14. gxf3
Qc5 15. Kb1 Be7 16. Rhg1 Bf6 17. c3 d3 18. Qe3 a5 19. Qxd3 b5 20. Qe2 O-O 21. d4
Qb6 22. e5 dxe5 23. dxe5 Be7 24. f4 a4 25. f5 f6 26. Qg2 Kf7 27. e6+ Ke8 28.
Qxa8+ Bd8 29. Rxg7 1-0

[Event "Online Olym Top DivC 2021"]
[Site "chess.com INT"]
[Date "2021.09.11"]
[Round "7.3"]
[Board "4"]
[White "Borda Rodas, Anapaola S."]
[Black "Zhukova, Natalia"]
[Result "1/2-1/2"]
[WhiteTitle "WFM"]
[BlackTitle "GM"]
[WhiteElo "2162"]
[BlackElo "2331"]
[WhiteTeam "Argentina"]
[BlackTeam "Ukraine"]
[WhiteFideId "152781"]
[BlackFideId "14101513"]
[EventDate "2021.09.09"]
[EventType "team"]

1. e4 e5 2. Nf3 Nc6 3. Nc3 Nf6 4. d4 exd4 5. Nxd4 Bb4 6. Nxc6 bxc6 7. Bd3 O-O 8.
O-O Re8 9. Bg5 h6 10. Bh4 d5 11. exd5 g5 12. Bg3 cxd5 13. Nb5 Ba5 14. c3 Bd7 15.
a4 a6 16. Nd4 Ne4 17. Bxe4 dxe4 18. b4 Bb6 19. a5 Ba7 20. Qh5 Qf6 21. Rad1 Kg7
22. f4 Qg6 23. Qxg6+ Kxg6 24. fxg5 hxg5 25. Bxc7 Rec8 26. Bb6 Bxb6 27. axb6 Rxc3
28. Nf3 Be6 29. Ne5+ Kg7 30. Nxf7 Rb3 31. Nxg5 Bc4 32. Rf4 Rxb4 33. Nxe4 Rxb6
34. Rd7+ Kg6 35. h3 Bb5 36. Rdf7 Rd8 37. Ng3 Rd7 38. Rf8 a5 39. Ra8 a4 40. h4
Kh6 41. Kh2 Kh7 42. Rb4 Rdb7 43. h5 Bc6 44. Rxb6 Rxb6 45. Ra7+ Kh6 46. Ra5 Rb2
47. Nf5+ Kh7 48. Ra7+ Kh8 49. Ra6 Rxg2+ 50. Kh3 Rg5 51. Rxc6 Rxf5 52. Kg4 Rf1
53. Ra6 Ra1 54. Kg5 a3 55. Kg6 Rg1+ 56. Kh6 Rg8 57. Rxa3 Rb8 58. Ra6 Rc8 59. Rg6
Rb8 60. Rc6 Rd8 61. Kg6 Rg8+ 62. Kf6 Kh7 63. Kf7 Rg1 64. Rf6 Rg5 65. h6 Rh5 66.
Ke6 1/2-1/2

[Event "Online Olym Top DivC 2021"]
[Site "chess.com INT"]
[Date "2021.09.11"]
[Round "7.3"]
[Board "5"]
[White "Galperin, Platon"]
[Black "Kapitanchuk, Tomas"]
[Result "1-0"]
[WhiteTitle "IM"]
[BlackTitle "FM"]
[WhiteElo "2512"]
[BlackElo "2346"]
[WhiteTeam "Ukraine"]
[BlackTeam "Argentina"]
[WhiteFideId "14165414"]
[BlackFideId "135046"]
[EventDate "2021.09.09"]
[EventType "team"]

1. d4 Nf6 2. Nf3 e6 3. g3 b5 4. Qd3 b4 5. a3 Nc6 6. Bg2 a5 7. axb4 Nxb4 8. Qd1
c5 9. Ne5 Ra7 10. c3 Nbd5 11. e4 Nb6 12. O-O Bb7 13. Na3 Ba6 14. Re1 Qc7 15. Be3
Be7 16. Nd3 c4 17. Nc5 d5 18. exd5 Bxc5 19. dxc5 Nbxd5 20. Qa4+ Ke7 21. Bd4 Rb7
22. Nxc4 Bb5 23. Qa2 Bxc4 24. Qxc4 Qd7 1-0

[Event "Online Olym Top DivC 2021"]
[Site "chess.com INT"]
[Date "2021.09.11"]
[Round "7.3"]
[Board "6"]
[White "Francisco Guecamburu, Candela Be"]
[Black "Berdnyk, Mariia"]
[Result "1/2-1/2"]
[WhiteTitle "WFM"]
[BlackTitle "FM"]
[WhiteElo "2034"]
[BlackElo "2308"]
[WhiteTeam "Argentina"]
[BlackTeam "Ukraine"]
[WhiteFideId "160911"]
[BlackFideId "14137054"]
[EventDate "2021.09.09"]
[EventType "team"]

1. e4 c5 2. Nf3 d6 3. Bb5+ Nd7 4. d4 cxd4 5. Qxd4 a6 6. Bxd7+ Bxd7 7. c4 e6 8.
Nc3 Nf6 9. Bg5 Be7 10. O-O O-O 11. Rfd1 Bc6 12. Rac1 h6 13. Bxf6 Bxf6 14. Qxd6
Qxd6 15. Rxd6 Bxc3 16. Rxc3 Bxe4 17. Nd2 Bg6 18. c5 Rac8 19. f3 Rc7 20. b4 Rfc8
21. Nc4 Kf8 22. Nb6 Re8 23. Rc1 f6 24. Rcd1 Kf7 25. Rd8 e5 26. Nc4 Ke7 27. R8d6
Bf7 28. Na5 Bxa2 29. Rb6 Be6 30. Nxb7 Rb8 31. Na5 Ra8 32. Rdd6 Bc8 33. Kf2 Rd7
34. Ke3 Ke8 35. Nc4 Ke7 36. f4 exf4+ 37. Kxf4 Raa7 38. Na5 Ra8 39. Ke4 Ke8 40.
Rxd7 Kxd7 41. Kd5 Kc7 42. Rc6+ Kd7 43. Rd6+ Kc7 44. Nc4 Bb7+ 45. Ke6 Re8+ 46.
Kf7 Re4 47. Na5 Rxb4 48. g3 Rb5 49. Nxb7 Kxb7 50. Kxg7 Rxc5 51. Rxf6 Rc6 52. Rf5
Kb6 53. h4 a5 54. g4 a4 55. g5 hxg5 56. hxg5 a3 57. Rf3 Rc7+ 58. Kh6 Ra7 59. Rf1
Kb5 60. g6 Kb4 61. Rf7 Ra6 62. Rf1 a2 63. Kh7 Rxg6 64. Kxg6 Kb3 65. Kf5 Kb2 66.
Rf2+ Kb1 67. Rf1+ Kb2 68. Ke4 a1=Q 69. Rxa1 Kxa1 1/2-1/2

[Event "Online Olym Top DivC 2021"]
[Site "chess.com INT"]
[Date "2021.09.11"]
[Round "7.4"]
[Board "1"]
[White "Bluebaum, Matthias"]
[Black "Nabaty, Tamir"]
[Result "1-0"]
[WhiteTitle "GM"]
[BlackTitle "GM"]
[WhiteElo "2639"]
[BlackElo "2638"]
[WhiteTeam "Germany"]
[BlackTeam "Israel"]
[WhiteFideId "24651516"]
[BlackFideId "2809052"]
[EventDate "2021.09.09"]
[EventType "team"]

1. d4 d5 2. c4 dxc4 3. e3 e5 4. Bxc4 exd4 5. exd4 Bd6 6. Nf3 Nf6 7. O-O O-O 8.
Nc3 Nc6 9. h3 Bf5 10. a3 h6 11. Re1 Re8 12. Be3 Qd7 13. Bb5 a6 14. Ba4 b5 15.
Bc2 Bxc2 16. Qxc2 Ne7 17. Ne5 Qf5 18. Qb3 Qe6 19. Qxe6 fxe6 20. Nd3 Nf5 21. Rac1
Reb8 22. Ne2 g5 23. Nc5 Kf7 24. Rc2 b4 25. a4 b3 26. Rc4 Nd5 27. Nc1 Bxc5 28.
dxc5 Rd8 29. Bd2 Nde7 30. Ba5 Nc6 31. Bxc7 Rd2 32. Nxb3 Rxb2 33. Na5 Nfe7 34.
Rce4 Rc8 35. Nc4 1-0

[Event "Online Olym Top DivC 2021"]
[Site "chess.com INT"]
[Date "2021.09.11"]
[Round "7.4"]
[Board "2"]
[White "Rodshtein, Maxim"]
[Black "Donchenko, Alexander"]
[Result "1-0"]
[WhiteTitle "GM"]
[BlackTitle "GM"]
[WhiteElo "2599"]
[BlackElo "2641"]
[WhiteTeam "Israel"]
[BlackTeam "Germany"]
[WhiteFideId "2806851"]
[BlackFideId "24603295"]
[EventDate "2021.09.09"]
[EventType "team"]

1. Nf3 d5 2. g3 Nc6 3. d4 Bf5 4. Bg2 Nb4 5. Na3 e6 6. O-O Nc6 7. b3 Nf6 8. Bb2
Be7 9. c4 O-O 10. Nc2 h6 11. Rc1 Be4 12. Ne3 a5 13. a3 Nb8 14. Bh3 c6 15. Ne5
Nbd7 16. Nd3 Bd6 17. Re1 Qe7 18. Nc2 b6 19. f3 Bh7 20. e3 c5 21. a4 Rad8 22.
cxd5 exd5 23. Nf4 Rfe8 24. Qd2 Bb8 25. Na3 cxd4 26. exd4 Qb4 27. Qxb4 axb4 28.
Nc2 Rxe1+ 29. Nxe1 Nf8 30. Nfd3 Re8 31. Kf2 g5 32. Nxb4 h5 33. Bg2 g4 34. Nc6
Bd6 35. Ne5 gxf3 36. N1xf3 Ne6 37. Kg1 Be4 38. Rc6 Bc7 39. Nh4 Bxg2 40. Kxg2 Ne4
41. Nf5 Bxe5 42. dxe5 b5 43. axb5 Rb8 44. b6 Nd8 45. Rh6 Ne6 46. Bd4 Nd2 47. b4
Nc4 48. Bc5 Nxb6 49. Rxh5 Nc4 50. Ne7+ Kg7 51. Nxd5 Ra8 52. Nf4 Ra2+ 53. Kf3
Nd2+ 54. Kg4 Nxc5 55. bxc5 Ne4 56. c6 Rc2 57. Kf5 Nd2 58. Rg5+ Kf8 59. e6 Nf3
60. Rh5 Rxc6 61. Rh8+ Kg7 62. e7 Nd4+ 63. Ke4 Nb5 64. Rg8+ Kh7 65. e8=Q Nd6+ 66.
Kd5 Nxe8 67. Rxe8 Rc2 68. Re2 1-0

[Event "Online Olym Top DivC 2021"]
[Site "chess.com INT"]
[Date "2021.09.11"]
[Round "7.4"]
[Board "3"]
[White "Paehtz, Elisabeth"]
[Black "Shvayger, Yuliya"]
[Result "1-0"]
[WhiteTitle "IM"]
[BlackTitle "IM"]
[WhiteElo "2465"]
[BlackElo "2351"]
[WhiteTeam "Germany"]
[BlackTeam "Israel"]
[WhiteFideId "4641833"]
[BlackFideId "14100126"]
[EventDate "2021.09.09"]
[EventType "team"]

1. d4 Nf6 2. Nc3 d5 3. Bf4 e6 4. Nb5 Na6 5. c3 c6 6. Na3 Bd6 7. e3 Nc7 8. Nc2
O-O 9. Nf3 Ne4 10. Bd3 f6 11. Bxe4 dxe4 12. Bxd6 Qxd6 13. Nd2 f5 14. Nc4 Qe7 15.
Ne5 c5 16. O-O b6 17. dxc5 Qxc5 18. Qd4 Qxd4 19. Nxd4 Ba6 20. Rfd1 Rfd8 21. Ndc6
Re8 22. Rd7 Nd5 23. Rxa7 Rxa7 24. Nxa7 g5 25. Nac6 Kg7 26. c4 Ne7 27. Nb4 Bc8
28. Rd1 Kf6 29. Nec6 Bb7 30. Na7 Ra8 31. Nb5 Nc6 32. Nxc6 Bxc6 33. Nc3 Ke5 34.
Kf1 h5 35. Rd4 h4 36. b3 f4 37. a4 Rf8 38. Kg1 g4 39. Rd2 g3 40. exf4+ Rxf4 41.
hxg3 hxg3 42. fxg3 Rf6 43. Nd1 Rg6 44. Ne3 Rxg3 45. Kf2 Kf4 46. Rd8 Rg7 47. Rd6
Rg3 48. Nf1 e3+ 49. Ke1 Rxg2 50. Rxc6 Rb2 51. Rxe6 Rb1+ 52. Ke2 Rb2+ 53. Kd3
Rxb3+ 54. Kd4 1-0

[Event "Online Olym Top DivC 2021"]
[Site "chess.com INT"]
[Date "2021.09.11"]
[Round "7.4"]
[Board "4"]
[White "Klinova, Masha"]
[Black "Papp, Sarah"]
[Result "0-1"]
[WhiteTitle "IM"]
[BlackTitle "WGM"]
[WhiteElo "2263"]
[BlackElo "2315"]
[WhiteTeam "Israel"]
[BlackTeam "Germany"]
[WhiteFideId "2802015"]
[BlackFideId "24606812"]
[EventDate "2021.09.09"]
[EventType "team"]

1. e4 e6 2. d3 d5 3. Nd2 c5 4. Ngf3 Nc6 5. g3 Bd6 6. Bg2 Nge7 7. O-O O-O 8. Re1
Qc7 9. c3 d4 10. Nc4 e5 11. cxd4 cxd4 12. Bd2 b5 13. Nxd6 Qxd6 14. Rc1 f6 15.
Qc2 Be6 16. Qc5 Qxc5 17. Rxc5 Bxa2 18. Ra1 Be6 19. Rxb5 Rab8 20. Rxb8 Rxb8 21.
Bc1 Nc8 22. Ne1 Rb5 23. f4 Na5 24. b4 Nc6 25. fxe5 fxe5 26. Bd2 Nxb4 27. Rb1 a5
28. Nc2 Ne7 29. Nxb4 Nc6 30. Bf3 axb4 31. Kf2 b3 32. Rb2 Nb4 33. Be2 Na2 34. Ke1
Nc3 35. Bg5 Ra5 36. Kd2 Ra2 37. Kc1 Nxe2+ 0-1

[Event "Online Olym Top DivC 2021"]
[Site "chess.com INT"]
[Date "2021.09.11"]
[Round "7.4"]
[Board "5"]
[White "Keymer, Vincent"]
[Black "Bronstein, Or"]
[Result "0-1"]
[WhiteTitle "GM"]
[BlackTitle "IM"]
[WhiteElo "2607"]
[BlackElo "2484"]
[WhiteTeam "Germany"]
[BlackTeam "Israel"]
[WhiteFideId "12940690"]
[BlackFideId "2815770"]
[EventDate "2021.09.09"]
[EventType "team"]

1. Nf3 Nf6 2. c4 c5 3. Nc3 Nc6 4. g3 e6 5. Bg2 d5 6. cxd5 exd5 7. d4 cxd4 8.
Nxd4 Bc5 9. Nb3 Bb6 10. Na4 O-O 11. Nxb6 axb6 12. Be3 h5 13. Bg5 Qd6 14. O-O Qe5
15. Bxf6 Qxf6 16. Qxd5 Bg4 17. Qd2 Rfd8 18. Qc3 Qxc3 19. bxc3 Bxe2 20. Rfe1 Bc4
21. h4 Rd3 22. Rac1 Rd6 23. Re4 Bd5 24. Re2 Bc4 25. Rb2 Rad8 26. Nd4 Nxd4 27.
cxd4 b5 28. a4 Rxd4 29. axb5 Rd1+ 30. Rxd1 Rxd1+ 31. Kh2 Bd5 32. Rc2 Bxg2 33.
Kxg2 Rd5 34. b6 Rd6 35. Rc8+ Kh7 36. Rc7 Rxb6 37. Rxf7 Kg6 38. Rc7 Kf6 39. Rc3
g6 40. Kf3 Rb2 41. Ke3 Ke6 42. Rc8 Kf5 43. Rc5+ Kf6 44. Rc8 Rb3+ 45. Ke4 Rb4+
46. Kd5 Rb2 47. Rf8+ Ke7 48. Rf4 Rb5+ 49. Kc4 Re5 50. Rf3 Ke6 51. Rb3 b5+ 52.
Kb4 Rf5 53. Rb2 Kf6 54. Rc2 Re5 55. Rc3 Rf5 56. Rc6+ Kf7 57. f4 Rd5 58. Rc3 Kf6
59. Rc6+ Kf5 60. Kc3 Rd1 61. Rc5+ Ke4 62. Rg5 Rd6 63. Kb4 Rf6 64. Rxb5 Kd4 65.
Rg5 Rd6 66. Kb3 Rc6 67. Kb4 Rd6 68. Ka3 Rb6 69. Ka4 Rc6 70. Kb5 Rd6 71. Ka4 Rc6
72. Kb3 Ke4 73. Kb2 Kd4 74. Re5 Rc3 75. Rg5 Rc6 76. Kb3 Rd6 77. Kc2 Ke4 78. Kc3
Rc6+ 79. Kd2 Rb6 80. Re5+ Kf3 81. Rg5 Ke4 82. Kc2 Rd6 83. Kc3 Rc6+ 84. Kd2 Rd6+
85. Ke2 Rb6 86. Re5+ Kd4 87. Kf3 Rb3+ 88. Kg2 Rb2+ 89. Kh3 Rb6 90. Re2 Rf6 91.
Kg2 Kd3 92. Kf3 Kd4 93. Rd2+ Kc5 94. Rd8 Ra6 95. Ke4 Ra4+ 96. Ke5 Ra3 97. Rc8+
Kb6 98. Rg8 Rxg3 99. f5 Kc7 100. Rxg6 Rh3 101. Rg7+ Kd8 102. Ke6 Rxh4 103. f6
Re4+ 0-1

[Event "Online Olym Top DivC 2021"]
[Site "chess.com INT"]
[Date "2021.09.11"]
[Round "7.4"]
[Board "6"]
[White "Katkov, Michelle"]
[Black "Muetsch, Annmarie"]
[Result "0-1"]
[WhiteTitle "WFM"]
[BlackTitle "WIM"]
[WhiteElo "2051"]
[BlackElo "2259"]
[WhiteTeam "Israel"]
[BlackTeam "Germany"]
[WhiteFideId "2816393"]
[BlackFideId "12971367"]
[EventDate "2021.09.09"]
[EventType "team"]

1. e4 d6 2. d4 Nf6 3. Nc3 e5 4. Nf3 Nbd7 5. Bc4 Be7 6. O-O c6 7. a4 Qc7 8. Re1
h6 9. b3 Nf8 10. Ba3 Bg4 11. d5 Ng6 12. h3 Bd7 13. Qd2 Rd8 14. Rad1 Bc8 15. Qe3
a6 16. Qa7 cxd5 17. Nxd5 Nxd5 18. Bxd5 O-O 19. c4 Nf4 20. Qe3 Kh8 21. Rc1 Qd7
22. Red1 f5 23. c5 Nxg2 24. Kxg2 f4 25. Nxe5 fxe3 26. Nxd7 Rxf2+ 27. Kg1 Bxd7
28. cxd6 Bg5 29. e5 Bxh3 30. e6 Rf4 31. e7 Rb8 32. Bxb7 Bd7 33. Rc7 Rg4+ 34. Kh2
Bf4+ 35. Kh1 e2 36. Re1 Rxb7 37. Rxb7 Bc6# 0-1

[Event "Online Olym Top DivC 2021"]
[Site "chess.com INT"]
[Date "2021.09.11"]
[Round "7.5"]
[Board "1"]
[White "Navara, David"]
[Black "Almiron, Antonio"]
[Result "1-0"]
[WhiteTitle "GM"]
[BlackTitle "FM"]
[WhiteElo "2676"]
[BlackElo "2366"]
[WhiteTeam "Czech Republic"]
[BlackTeam "Paraguay"]
[WhiteFideId "309095"]
[BlackFideId "3701166"]
[EventDate "2021.09.09"]
[EventType "team"]

1. e4 c5 2. Nf3 e6 3. d4 cxd4 4. Nxd4 a6 5. Bd3 Bc5 6. Nb3 Be7 7. Qg4 g6 8. Qe2
d6 9. O-O Nd7 10. a4 b6 11. Na3 Ngf6 12. Bh6 Bf8 13. Bxf8 Kxf8 14. f4 Qc7 15. e5
Ne8 16. Nc4 Bb7 17. Rad1 d5 18. Ne3 Ng7 19. a5 b5 20. Qe1 Nf5 21. Nxf5 exf5 22.
Nd4 Qc5 23. c3 Kg7 24. b4 Qa7 25. Kh1 Rhe8 26. Qh4 Qb8 27. Bxf5 Qd8 28. Qh3 Bc8
29. Qg3 Nf8 30. Bb1 Qc7 31. Rde1 Kh8 32. f5 Bxf5 33. Bxf5 gxf5 34. Nxf5 Ng6 35.
Nd6 Re7 36. Qg5 Rf8 37. Qf6+ Kg8 38. Nf5 1-0

[Event "Online Olym Top DivC 2021"]
[Site "chess.com INT"]
[Date "2021.09.11"]
[Round "7.5"]
[Board "2"]
[White "Benitez Galeano, Alejandro"]
[Black "Mladek, Richard"]
[Result "1-0"]
[WhiteTitle "FM"]
[BlackTitle "FM"]
[WhiteElo "2201"]
[BlackElo "2361"]
[WhiteTeam "Paraguay"]
[BlackTeam "Czech Republic"]
[WhiteFideId "3703568"]
[BlackFideId "386588"]
[EventDate "2021.09.09"]
[EventType "team"]

1. Nf3 d5 2. c4 e6 3. e3 Nf6 4. b3 Be7 5. Bb2 O-O 6. Nc3 c5 7. cxd5 exd5 8. d4
Nc6 9. Be2 Be6 10. O-O Rc8 11. dxc5 Bxc5 12. Rc1 Qe7 13. Nb5 Ne4 14. Nbd4 Ba3
15. Nxc6 Rxc6 16. Rxc6 bxc6 17. Qc1 Bxb2 18. Qxb2 c5 19. Rc1 Rc8 20. Ba6 Rc6 21.
Bd3 Nd6 22. Qa3 Bg4 23. Nd4 Rc7 24. Qa5 c4 25. h3 Bc8 26. Be2 g6 27. Bf3 Nb7 28.
Qxd5 c3 29. Nc6 Qf6 30. Nxa7 Be6 31. Qd4 Qe7 32. Nb5 Rd7 33. Qxc3 h5 34. Qc8+
Kh7 35. Qc3 Bf5 36. Nd4 Be4 37. Bxe4 Qxe4 38. a4 Rd5 39. b4 Rg5 40. Qc6 Qe7 41.
b5 Nd6 42. b6 Ra5 43. Rb1 Nb7 44. Qc7 Qe4 45. Qxf7+ Kh6 46. Rb4 Nd6 47. Qf4+
Qxf4 48. exf4 Nb7 49. g3 Kg7 50. h4 Kf6 51. Nc6 Rc5 52. Ne5 Rc2 53. Kg2 Ra2 54.
Rc4 Rb2 55. Rc6+ Kf5 56. Nxg6 Na5 57. Rc5+ 1-0